000
00261nam a22001217a 4500
082
_a
954
_b
ELL V.1
100
_a
Elliot, H.M.
245
_a
History of India
260
_a
London
_b
Trubner and Co.
_c
1867
300
_a
541
650
_a
India-history
942
_c
BK
999
_c
21294
_d
21294